000 00579nam a2200205Ia 4500
005 20250508160703.0
008 008 250505s9999 xx 000 0 eng d
037 _aTextual
040 _aFEDL
_beng
_cFEDL
041 _aeng
_2eng
084 _a155.2, PER
_qFEDL
100 _aPervin Lawrence A.
245 0 _aPersonality: Theory, assessment and research
260 _aNew York, USA
_bJohn Wiley and Sons
_c1970
300 _axiv,632p
490 _aSeries in psychology
650 _aPersonality
942 _cTEXL
_h155.2, PER
999 _c1366035
_d1366035